[Event "Barcelona Tres Peons-C 46th"]
[Site "Barcelona"]
[Date "2017.06.02"]
[Round "7.1"]
[White "Moreno Rivilla, Francisco"]
[Black "Pascual Soro, Antonio"]
[Result "0-1"]
[WhiteElo "1289"]
[BlackElo "1534"]
[PlyCount "44"]
[EventDate "2017.04.21"]
[EventType "swiss"]
[EventRounds "9"]
[EventCountry "ESP"]
[SourceTitle "EXT 2024"]
[Source "ChessBase"]
[SourceDate "2023.10.10"]
[SourceVersion "1"]
[SourceVersionDate "2023.10.10"]
[SourceQuality "1"]

1. e4 c5 2. d4 cxd4 3. c3 d3 4. Bxd3 Nc6 5. Nf3 Qc7 6. Be3 d6 7. h3 g6 8. Bb5 Bd7 9. Bd4 e5 10. Be3 Nf6 11. Ng5 Bg7 12. Bc4 0-0 13. Bxf7+ Rxf7 14. Qb3 Raf8 15. Nxf7 Rxf7 16. g4 Nxe4 17. Nd2 Nc5 18. Bxc5 dxc5 19. Ne4 Na5 20. Qd5 Bc6 21. Qd3 c4 22. Qg3 Bxe4 0-1